An Economic History Of Kenya (Record no. 321)

MARC details
000 -LEADER
fixed length control field 00401nam a22001457a 4500
008 - FIXED-LENGTH DATA ELEMENTS--GENERAL INFORMATION
fixed length control field 230605b xxu||||| |||| 00| 0 eng d
020 ## - INTERNATIONAL STANDARD BOOK NUMBER
International Standard Book Number 996646963 x
082 ## - DEWEY DECIMAL CLASSIFICATION NUMBER
Classification number 330.967
Item number OCH
100 ## - MAIN ENTRY--PERSONAL NAME
Titles and words associated with a name W.R. Ochieng'
245 ## - TITLE STATEMENT
Title An Economic History Of Kenya
Statement of responsibility, etc. W.R. Ochieng'
260 ## - PUBLICATION, DISTRIBUTION, ETC. (IMPRINT)
Place of publication, distribution, etc. Nairobi
Name of publisher, distributor, etc. East African Educational Publishers Ltd
Date of publication, distribution, etc. 1992
300 ## - PHYSICAL DESCRIPTION
Extent 460 p
700 ## - ADDED ENTRY--PERSONAL NAME
Titles and other words associated with a name R.M. Maxon
Dates associated with a name 1992
942 ## - ADDED ENTRY ELEMENTS (KOHA)
Source of classification or shelving scheme Dewey Decimal Classification
Koha item type Books
Holdings
Withdrawn status Lost status Source of classification or shelving scheme Damaged status Not for loan Home library Current library Date acquired Total Checkouts Full call number Barcode Date last seen Price effective from Koha item type
    Dewey Decimal Classification     Bunge Tower Library Bunge Tower Library 06/05/2023   330.967 OCH 10014347 06/05/2023 06/05/2023 Books
    Dewey Decimal Classification     Bunge Tower Library Bunge Tower Library 06/05/2023   330.967 OCH 100142934 06/05/2023 06/05/2023 Books
LIBRARY OPENING HOURS

When the Parliament is sitting: 8.00a.m - 7.00p.m or until the house adjourns
Mondays and Fridays and when the House is on Recess:  8.00a.m - 5.00p.m
Closed on Weekends and Public Holidays

Online Public Access Catalog (OPAC)
Website: http://www.parliament.go.ke
Bunge Library: https://libraryir.parliament.go.ke
Contact: library@parliament.go.ke | Tel no: (254-2)2221291 or 2848000 Ext 5043